LEADER 00920nam a2200229 4500 001 000000338596 003 CaOOAMICUS 005 20191219193344.0 008 191218s1999 it a 000 u ita r 020 $a88-384-4420-X 040 $aSeMil$bita 100 1 $aGiordano, Cristiana.$0(OLS)http://semarc/name/110671 245 13$aIl grande libro delle filastrocche /$cCristiana Giordano. 264 1$aCasale Monferrato (AL) :$bPiemme,$c1999. 300 $a349 p. :$bill. ;$c24 cm 650 4$aFilastrocche.$0(OLS)http://semarc/subject/48896 850 $aSeMil 852 $aSeMil$W1$xVenegono$y1$m3XB V 3$j219168$B230922$CSeMilBibl$Z2$F230922 $81 996 $6020$a88-384-4420-X$9(OLS)http://semarc/number/289458 996 $6245$aIl grande libro delle filastrocche$9(OLS)http://semarc/title/427425 996 $6264$aCasale Monferrato (AL) :$bPiemme$9(OLS)http://semarc/publisher/30052 LEADER 00792nam a2200205 i 4500 001 000000227550 003 CaOOAMICUS 005 20140228000000.0 008 140228s1844 it u000 u ita u 013 $a206452 040 $aSeMil$bita 245 10$aAppendice con biografia del medesimo [autore]. 300 $aLV, 271 p. 500 $aFondo Bidoglio. 773 0 $aRiccardi, Antonio <1788-1844>$tStoria dei Santuari pił celebri di Maria Santissima sparsi nel mondo cristiano.$dMilano : Giacomo Agnelli, 1840-1844.$g5$w()4631 850 $aSeMil 852 $aSeMil$W1$xVenegono$y1$m3P II 38 FA$j177896$B177896$CSeMilBibl$Z2$F188771 $8I 941 1 $a2 961 $aLascito: Bidoglio don Maurizio 996 $6245$aAppendice con biografia del medesimo [autore]$9(OLS)http://semarc/title/325665